• 首页
  • 本馆介绍
  • 公告通知
  • 最新文献
  • 馆藏检索
  • 电子资源
  • 读者导购
  • 参考咨询
  • 我的图书馆
  • 登录
  • 详细信息显示
  • 放入我的书架
  • 预约/预借图书
  • 作者相关作品
  • 分类相关作品
  • 丛书相关作品
  • 出版社相关作品

书目信息

  • 表格格式
  • 工作单格式
  • 卡片格式
书名: Aging, the individual, & society
作者: Georgia M. Barrow.
分册号:
分册名:
出版地: Minneapolis/St. Paul :
 
出版社: West Pub. Co
出版时间: 1996.
页数: xviii, 422 p. :
开本: 26 cm.
丛书名:
中图分类号:
科图分类号:
其他分类号: R532
主题词:
电子资源:
000 00764nam 22000265i 450
001 0202176587
005 20070323154516.67
008 950605m1996 u y a b 001 0
020    @a0314044442 (soft : alk. paper) :@cD.
041    @aeng
050    @aHQ1061@b.B37 1996
082 04 @a305.26/0973@220
090    @aC913.6
090    @aR592
090    @aR532
099    @dR532@ex12=6
100 1  @aBarrow@cGeorgia M.
245 10 @aAging, the individual, & society / @cGeorgia M. Barrow.
250    @a6th ed.
260 1  @aMinneapolis/St. Paul :@bWest Pub. Co.,@c1996.
300    @axviii, 422 p. :@bill. ;@c26 cm.
504    @aIncludes bibliographical references and indexes.
650  4 @aAged@zUnited States.
650  4 @aGerontology.
650  4 @aAged
    
    Aging, the individual, & society / / Georgia M. Barrow.-6th ed.-Minneapolis/St. Paul : : West Pub. Co., , 1996.
    xviii, 422 p. : : ill. ; ; 26 cm.
    Includes bibliographical references and indexes.
    
    ISBN 0314044442 (soft : alk. paper) :D.
    
●
相关链接 在E读中查询图书 在五车中查询图书 在当当中查询图书 在豆瓣中查询图书


正题名:Aging, the individual, & society     索取号:R532/x12=6         预约/预借

序号 登录号 条形码 馆藏地/架位号 状态 备注
1 0003691   300036912   第二样本阅览室/ [索取号:R532/x12=6] 在馆    
2 0003692   300036921   第四借阅区/ [索取号:R532/x12=6] 在馆    
3 0003693   300036930   第四借阅区/ [索取号:R532/x12=6] 在馆    
4 0003694   300036949   第四借阅区/ [索取号:R532/x12=6] 在馆    
唐山师范学院图书馆 欢迎您!
大连网信软件有限公司© 版权所有